<?xml version="1.0" encoding="UTF-8"?><OAI-PMH xmlns="http://www.openarchives.org/OAI/2.0/" xmlns:xsi="http://www.w3.org/2001/XMLSchema-instance"     xsi:schemaLocation="http://www.openarchives.org/OAI/2.0/ http://www.openarchives.org/OAI/2.0/OAI-PMH.xsd"><responseDate>2026-07-02T14:18:09Z</responseDate><request verb="GetRecord" identifier="oai:regmurcia.com:fintegr.1613" metadataPrefix="marc21">http://oai.regmurcia.com/oai2/oai2.php</request><GetRecord><record><header><identifier>oai:regmurcia.com:fintegr.1613</identifier><datestamp>2026-07-02</datestamp><setSpec>documentos</setSpec></header><metadata><record  xmlns="http://www.loc.gov/MARC21/slim" xmlns:xsi="http://www.w3.org/2001/XMLSchema-instance" xsi:schemaLocation="http://www.loc.gov/MARC21/slim http://www.loc.gov/standards/marcxml/schema/MARC21slim.xsd" type="Bibliographic"><leader>00000nam a2200000   4500</leader><controlfield tag="001" >005195162</controlfield><controlfield tag="003" >1613</controlfield><controlfield tag="004" >A00000000</controlfield><datafield tag="245" ind1=" " ind2=" "><subfield code="a">Testimonio de las quejas del concejo de Murcia por los agravios cometidos a sus vecinos en el cobro del portazgo en el Puerto de la Losilla.</subfield></datafield><datafield tag="300" ind1=" " ind2=" "><subfield code="c">311 x 225 mm.</subfield></datafield><datafield tag="300" ind1=" " ind2=" "><subfield code="a">4 fol.</subfield></datafield><datafield tag="351" ind1=" " ind2=" "><subfield code="a">Unidad Documental</subfield><subfield code="c">Archivo de Murcia. Array</subfield><subfield code="a">Unidad Documental</subfield><subfield code="c">Archivo de Murcia. Array</subfield></datafield><datafield tag="351" ind1=" " ind2=" "><subfield code="b">Nº 69</subfield></datafield><datafield tag="506" ind1=" " ind2=" "><subfield code="a">Acceso restringido</subfield></datafield><datafield tag="520" ind1=" " ind2=" "><subfield code="a">El documento incluye:&lt;/br&gt;- Relación de agravios cometidos por el alcaide de Ricote y el portazguero del Puerto de la Losilla a ciertos vecinos de Murcia, sobre todo judíos, como no respetar las franquezas que poseen de este impuesto, no presentar documentos oficiales que testimonien este pago, cobrar dinero de más, o demandar 5.000 maravedís a los judíos que no se presenten como tal. Se describe el caso de algunos de estos vecinos, como el del hijo de David Aben Alfahar. (1484-8-28. Murcia). Fol. 1r-v y 4r&lt;/br&gt;- Testimonio de otorgamiento de carta de poder a Alfonso Hurtado, jurado, para que defienda los intereses de estos vecinos frente a los agravios del alcaide y el portazguero. (s.f. Murcia). Fol. 2r-v&lt;/br&gt;- Minuta de una carta del concejo de Murcia al alcaide de Ricote, manifestando el descontento de la ciudad por los agravios cometidos a sus vecinos, y comunicando la próxima llegada de Alfonso Hurtado para tratar con él estas cuestiones. (1484-9-1. Murcia). Fol. 3v</subfield></datafield><datafield tag="583" ind1=" " ind2=" "><subfield code="u">http://www.regmurcia.com/servlet/s.Sl?METHOD=VERDOCUMENTO&amp;sit=serv,Carmesi&amp;n=/01/1420/indice.djvu</subfield></datafield><datafield tag="592" ind1=" " ind2=" "><subfield code="a">1484-08-28/1484-09-01</subfield></datafield><datafield tag="592" ind1=" " ind2=" "><subfield code="d">1484-09-01 00:00:00</subfield></datafield><datafield tag="651" ind1=" " ind2=" "><subfield code="a">Murcia</subfield></datafield><datafield tag="786" ind1=" " ind2=" "><subfield code="o">http://www.regmurcia.com/servlet/s.Sl?METHOD=VERDOCUMENTO&amp;sit=serv,Carmesi&amp;n=/01/1420/indice.djvu</subfield></datafield><datafield tag="856" ind1=" " ind2=" "><subfield code="u">http://www.regmurcia.com/servlet/s.Sl?METHOD=DETALLE&amp;sit=c,373,m,139,serv,Carmesi&amp;id=1613</subfield></datafield></record></metadata></record></GetRecord></OAI-PMH>
